Tout les championnats de première division - Statistiques

Statistiques générales
  • Ce quiz a été pris 25 fois
  • Le résultat moyen est 56 sur 174
Statistiques - réponses
Pays D1 % Correct
Algérie | Bénin | Cote d'ivoire | +7 others Ligue 1
100%
Allemagne Bundesliga
96%
Angleterre | Arménie | Azerbaïdjan | +35 others Premier League
96%
Italie Série A
88%
Espagne LaLiga
63%
Etats Unis MLS
38%
Australie A-League
33%
Belgique Jupiler Pro League
33%
Turquie Super Lig
29%
Pérou Liga 1
25%
Chine | Grèce | Malaisie | +6 others Super League
25%
Djibouti | Yemen Division 1
21%
Pays-Bas Eredivisie
17%
Portugal Liga Portugal
17%
Mali | Tchad Premiere Division
13%
Afrique du Sud | Namibie | Écosse Premiership
13%
Danemark | Kosovo | Roumanie Superliga
13%
Moldavie | Serbie Super Liga
13%
Niger Super Ligue
13%
Équateur Liga Pro
8%
Andorre Primera Divisió
8%
Maroc Botola Pro
4%
Aruba Division Di Honor
4%
Pologne Ekstraklasa
4%
Angola Girabola
4%
Japon J1 League
4%
Corée du Sud K League 1
4%
Cuba | Guatemala | Honduras Liga Nacional
4%
Nicaragua Liga Primera
4%
Autriche Ö Bundesliga
4%
Réunion Regionale 1
4%
Arabie Saoudite Saudi Professional League
4%
Brésil Série A Betano
4%
Macédoine du Nord 1.MFL
0%
Antigua et Barbuda ABFA Premier League
0%
Suède Allsvenskan
0%
Lituanie A Lyga
0%
Islande Besta deild karla
0%
Luxembourg BGL Ligue
0%
Cap Vert | Sao Tomé et Principe Campeonato Nacional
0%
Saint Marin Campionaton Sanmarinise
0%
Canada Canadian Premier League
0%
Gabon Championnat D1
0%
Haiti | Togo Championnat National
0%
République Tchèque Chance Liga
0%
Paraguay Copa de Primera
0%
Cambodge CPL
0%
Géorgie Crystalbet Erovnuli Liga
0%
Pays de Galles Cymru Premier
0%
Chypre Cypris League
0%
Maldives Dhivehi Premier League
0%
Bolivie Division Profesional
0%
Macao Elite League
0%
Cameroun Elite One
0%
Norvège Eliteserien
0%
Gambie GFA League
0%
Croatie HNL
0%
Inde ISL
0%
Laos Lao League
0%
République Dominicaine LDF
0%
Libéria LFA First Division
0%
Uruguay Liga AUF Uruguaya
0%
Chili Liga De Primera
0%
Venezuela Liga FUTVE
0%
Israël Ligat ha'AI
0%
Tanzanie Ligi Kuu Bara
0%
Tunisie Ligue Professionnelle 1
0%
Panama LPF
0%
Estonie Meistriliiga
0%
Mozambique Mocambola
0%
Gibraltar | Myanmar | Nouvelle Zélande National League
0%
Somalie National Liga
0%
Irlande du Nord NIFL Premiership
0%
Slovaquie Nike Liga
0%
Nigeria NPFL
0%
Hongrie OTP Bank Liga
0%
Bulgarie Parva Liga
0%
Iran Persian Gulf Pro League
0%
Philippines PFL
0%
Grenade | Irlande Premier Division
0%
Kirghizistan Premier Liga
0%
Zimbabwe Premier Soccer League
0%
Colombie Primera A
0%
Costa Rica | Salvador Primera Division
0%
Burundi Primus League
0%
Oman Professional League
0%
Curaçao Promé Divishon
0%
Slovénie Prva Liga
0%
Qatar QSL
0%
Suriname SML
0%
Irak Stars League
0%
Eswatini Swazi MTN Premier League
0%
Thaïlande Thai League 1
0%
Argentine Torneo Betano
0%
Mexique Trophee Gerard Janvion
0%
Trinité et Tobago TT Premier League
0%
Émirats Arabes Unis UAE League
0%
Finlande Veikkausliiga
0%
Lettonie Virsliga
0%
Vietnam V.League 1
0%
Bielorussie | Tadjikistan Vysshaya Liga
0%
Palestine West Bank League
0%
Bosnie Herzégovine WWIN Liga BiH
0%
Turkmenistan Yokary Liga
0%
Aucun quiz correspondant
Distribution des résultats
% des personnes avec chaque résultat
Percentile par nombre de réponses
Votre historique - résultats
Vous n’avez pas pris ce quiz